Vocabulary for college

Saved in:
Bibliographic Details
Main Authors: Diederich, Paul B (Author), Carlton, Sydell Terris (Author), Papale, June Springford (Author), Papale, Napoleon J (Author)
Format: Book
Language:English
Published: Nueva York Harcourt Brace Jovanovich 1973
Edition:2a. ed
Subjects:
Tags: Add Tag
No Tags, Be the first to tag this record!

MARC

LEADER 00000nam a2200000 a 4500
001 UCQ3628
003 CL-VaPUC
008 980821e19730000US |||||||||||||||||eng|d
082 0 4 |a 428.07  |b DIE  |2 21 
100 0 |a Diederich, Paul B  |e author  |9 417874 
700 0 |a Carlton, Sydell Terris  |e author  |9 417875 
700 0 |a Papale, June Springford  |e author  |9 417876 
700 0 |a Papale, Napoleon J  |e author  |9 417877 
245 1 0 |a Vocabulary for college 
250 |a 2a. ed 
300 |a 184 p 
942 |c BK 
945 |d 19980821 00:00:00  |a crobeson 
260 |a Nueva York  |b Harcourt Brace Jovanovich  |c 1973 
650 0 |a Inglés  |9 260023 
650 0 |a Vocabulario  |9 345405 
650 0 |a Enseñanza de idiomas  |9 339820 
650 0 |a Educación lingüística  |9 306506 
583 |a last modification  |c 19980821 00:00:00  |k Rodrigo Vera 
999 |c 274148  |d 274146 
952 |0 0  |1 0  |4 0  |6 428_070000000000000_DIE_1973  |7 0  |8 A  |9 310234  |a BIBEDU  |b BIBEDU  |d 2019-11-20  |i 1456334  |o 428.07 DIE 1973  |p 1456334  |r 2019-11-20  |w 2019-11-20  |y BK  |k LIT